00686nam a22001815i 4500001000700000003000900007005001700016008004100033080001100074100003300085245011300118260005000231300002000281651003600301852002400337999001900361952012400380168567ES-MaACL20250831014817.0080421s1915 xxu |||| | eng d a94(73)1 aMcMaster, John Bach.913765512aA history of the people of the United States from the revolution to the civil war / cby John Bach McMaster. aNew York : bD. Appleton and company, c1915. a8 v. ; c22 cm. 4aEstados Unidos-xHistoria98540 aES-MaACLjD-2835-42 c168567d168567 00104070aATENEOMbATENEOMcSVId2008-04-21eSCl0oD-2835-42p901176893r2023-02-23 00:00:00w2023-02-23yMONOGRAFIA